000 00332nam a2200145 a 4500
001 0615
005 20140414131920.0
008 040201s19uu xx 00 eng d
020 _a0-553-15573-3
050 _aER
_bOv2 1987
245 _aOver in the meadow.
260 _bBantam,
_c1987.
300 _ap. ; cm.
999 _c111712
_d111712